000 00614nam a2200229Ia 4500
003 OSt
005 20221005101653.0
006 a|||||r|||| 00| 0
007 ta
008 221004b |||||||| |||| 00| 0 hin d
024 _a53716
037 _cTextual
040 _aCRL
_cCRL
_bhin
041 _2hin
_ahin
082 _aO152,3M891,1, 32K6
100 _aJoseph V P Tr.
_9622497
245 0 _aAranaparadhi
260 _aTrichur
_bThe mangalodayam India
_c1966
650 _aHINDI FICTION
942 _hO152,3M891,1, 32K6
_cTEXL
_2cc
999 _c1007163
_d1007163